The Russian menace to Europe : (Record no. 27056)
[ view plain ]
| 000 -LEADER | |
|---|---|
| fixed length control field | 01177cam a2200313 a 4500 |
| 001 - CONTROL NUMBER | |
| control field | 27056 |
| 003 - CONTROL NUMBER IDENTIFIER | |
| rucl marc code | BD-RjUL |
| 005 - DATE AND TIME OF LATEST TRANSACTION | |
| control field | 20211209051115.0 |
| 008 - FIXED-LENGTH DATA ELEMENTS--GENERAL INFORMATION | |
| fixed length control field | 140324t1952 ilu 001 0 eng |
| 035 ## - SYSTEM CONTROL NUMBER | |
| System control number | (BD-RjUL)27127 |
| 040 ## - CATALOGING SOURCE | |
| Original cataloging agency | DLC |
| Transcribing agency | WSU |
| Modifying agency | DLC |
| -- | BD-RjUL |
| Language of cataloging | eng |
| 041 1# - LANGUAGE CODE | |
| Language code of text/sound track or separate title | eng |
| Language code of original | ger |
| 082 04 - DEWEY DECIMAL CLASSIFICATION NUMBER | |
| Classification number | 957 |
| Author mark and year | MAR 1952 |
| 100 1# - MAIN ENTRY--PERSONAL NAME | |
| Personal name | Marx, Karl, |
| Dates associated with a name | 1818-1883. |
| 9 (RLIN) | 6434 |
| 245 14 - TITLE STATEMENT | |
| Title | The Russian menace to Europe : |
| Remainder of title | a collection of articles, speeches, letters, and news dispatches / |
| Statement of responsibility, etc. | by Karl Marx and Friedrich Engels ; selected and edited by Paul W. Blackstock and Bert F. Hoselitz. |
| 260 ## - PUBLICATION, DISTRIBUTION, ETC. (IMPRINT) | |
| Place of publication, distribution, etc. | Glencoe, Ill. : |
| Name of publisher, distributor, etc. | Free Press, |
| Date of publication, distribution, etc. | c1952. |
| 300 ## - PHYSICAL DESCRIPTION | |
| Pagination | 288 p. ; |
| Size | 22 cm. |
| 504 ## - BIBLIOGRAPHY, ETC. NOTE | |
| Bibliography, etc | includes index. |
| 651 #0 - SUBJECT ADDED ENTRY--GEOGRAPHIC NAME | |
| Geographic name | Europe |
| General subdivision | Politics and government |
| Chronological subdivision | 1789-1900. |
| 9 (RLIN) | 56031 |
| Geographic name | Russia |
| General subdivision | Foreign relations |
| Geographic subdivision | Europe. |
| 9 (RLIN) | 83104 |
| Geographic name | Europe |
| General subdivision | Foreign relations |
| Geographic subdivision | Russia. |
| 9 (RLIN) | 83105 |
| 700 1# - ADDED ENTRY--PERSONAL NAME | |
| Personal name | Blackstock, Paul W. |
| Personal name | Hoselitz, Bert F. |
| Fuller form of name | (Bert Frank), |
| Dates associated with a name | 1913-1995. |
| Personal name | Engels, Friedrich, |
| Dates associated with a name | 1820-1895. |
| 942 ## - ADDED ENTRY ELEMENTS (KOHA) | |
| Source of classification or shelving scheme | Dewey Decimal Classification |
| Koha item type | Books |
| Lost status | Source of classification or shelving scheme | Damaged status | Not for loan | Collection code | Permanent Location | Current Location | Shelving location | Date acquired | Source of acquisition | Cost, normal purchase price | Total Checkouts | Full call number | Date last seen | Copy number | Koha item type |
|---|---|---|---|---|---|---|---|---|---|---|---|---|---|---|---|
| Dewey Decimal Classification | Non-fiction | Central Library, University of Rajshahi | Central Library, University of Rajshahi | 28/02/1964 | Zeitlinger | 38.00 | 957 MAR 1952 | 24/03/2014 | C-2 | Books |